000 00723nam a22002177a 4500
005 2012092608268.0
008 120926t xxu||||| |||| 00| 0 eng d
010 _aENG-105986
020 _a9789350450239
_c150.00
035 _aEN-89519
037 _bDBAD/PUB
040 _aDPL
_bEnglish
082 _a881
100 _952635
_aLarge, Jose
245 _aThe begging bowl /
_cby Jose Large
260 _aCalcutta
_bWriters Workshop
_c2011
270 _a162/92, Lake Gardens
_bCalcutta
_e700045
_mwww.writersworkshopindia.com
300 _a111p.
_c22cm(Hb)
942 _2ddc
_cEN
_mLAR
_h881
999 _c70331
_d70331